| 000 | 00536nam a22001217a 4500 | ||
|---|---|---|---|
| 040 | _cRUA | ||
| 100 | _aSORN PANHA,ស៊ន បញ្ញា | ||
| 245 | _aEFFECT OF MUNG BEAN BRAN FOR GROWTH PERFORMANCE OF QUAIL,ប្រសិទ្ធភាពកន្ទក់សណ្តែកបាយលើការលូតលាស់ក្រួចសាច់ | ||
| 260 |
_aphnom penh _brua _c2020 |
||
| 300 |
_ax.41p. _bill. _c29cm. |
||
| 856 | _uhttps://drive.google.com/file/d/14SyPiOTjFEkbPQGBQbfvGX5AjAXECVdT/view?usp=sharing | ||
| 942 | _cANS | ||
| 999 |
_c20618 _d20618 |
||